Value added tax: a report (Record no. 416326)

000 -LEADER
fixed length control field 00420cam a22001217a 4500
008 - FIXED-LENGTH DATA ELEMENTS--GENERAL INFORMATION
fixed length control field 180718b1971 xxu||||| |||| 00| 0 eng d
082 ## - DEWEY DECIMAL CLASSIFICATION NUMBER
Classification number L27x42 Un3v
245 ## - TITLE STATEMENT
Title Value added tax: a report
Statement of responsibility, etc. by National Economic Department Office, United Kingdom
260 ## - PUBLICATION, DISTRIBUTION, ETC.
Place of publication, distribution, etc. London
Name of publisher, distributor, etc. Her Majesty's Stationery Office
Date of publication, distribution, etc. 1971
300 ## - PHYSICAL DESCRIPTION
Extent 112+p.
650 ## - SUBJECT ADDED ENTRY--TOPICAL TERM
Topical term or geographic name entry element Taxation - U.K.
700 ## - ADDED ENTRY--PERSONAL NAME
Personal name United Kingdom. National Economic Department Office
Holdings
Withdrawn status Lost status Damaged status Not for loan Permanent Location Current Location Date acquired Full call number Barcode Date last seen Price effective from Koha item type
        Indian Institute of Public Administration Indian Institute of Public Administration 2009-03-16 L27x42 Un3v DA4013 2018-07-21 2018-07-21 DA
        Indian Institute of Public Administration Indian Institute of Public Administration 2009-03-16 L27x42 Un3v DA4000 2018-07-21 2018-07-21 DA

Powered by Koha